Is it a Prime Number? - Statistics

General Stats
  • This quiz has been taken 318 times
  • The average score is 78 of 99
Answer Stats
Hint Answer % Correct
6 Not a Prime Number
93%
4 Not a Prime Number
91%
8 Not a Prime Number
91%
10 Not a Prime Number
91%
12 Not a Prime Number
91%
7 Prime Number
91%
14 Not a Prime Number
90%
5 Prime Number
90%
16 Not a Prime Number
89%
11 Prime Number
89%
18 Not a Prime Number
88%
9 Not a Prime Number
87%
15 Not a Prime Number
87%
20 Not a Prime Number
87%
21 Not a Prime Number
87%
24 Not a Prime Number
87%
25 Not a Prime Number
87%
26 Not a Prime Number
87%
28 Not a Prime Number
87%
3 Prime Number
87%
13 Prime Number
87%
17 Prime Number
87%
22 Not a Prime Number
85%
30 Not a Prime Number
85%
32 Not a Prime Number
85%
2 Prime Number
85%
34 Not a Prime Number
84%
35 Not a Prime Number
84%
46 Not a Prime Number
84%
48 Not a Prime Number
84%
19 Prime Number
84%
36 Not a Prime Number
83%
38 Not a Prime Number
83%
40 Not a Prime Number
83%
42 Not a Prime Number
83%
44 Not a Prime Number
83%
52 Not a Prime Number
83%
56 Not a Prime Number
83%
60 Not a Prime Number
83%
50 Not a Prime Number
82%
54 Not a Prime Number
82%
58 Not a Prime Number
82%
64 Not a Prime Number
82%
23 Prime Number
82%
33 Not a Prime Number
81%
45 Not a Prime Number
81%
62 Not a Prime Number
81%
66 Not a Prime Number
80%
74 Not a Prime Number
80%
68 Not a Prime Number
79%
78 Not a Prime Number
79%
82 Not a Prime Number
79%
29 Prime Number
79%
31 Prime Number
79%
37 Prime Number
79%
55 Not a Prime Number
78%
70 Not a Prime Number
78%
76 Not a Prime Number
78%
80 Not a Prime Number
78%
88 Not a Prime Number
78%
90 Not a Prime Number
78%
27 Not a Prime Number
77%
72 Not a Prime Number
77%
75 Not a Prime Number
77%
84 Not a Prime Number
77%
86 Not a Prime Number
77%
92 Not a Prime Number
77%
94 Not a Prime Number
77%
95 Not a Prime Number
77%
96 Not a Prime Number
77%
1 Not a Prime Number
76%
65 Not a Prime Number
76%
98 Not a Prime Number
76%
81 Not a Prime Number
75%
85 Not a Prime Number
75%
99 Not a Prime Number
75%
41 Prime Number
75%
39 Not a Prime Number
74%
49 Not a Prime Number
74%
63 Not a Prime Number
74%
77 Not a Prime Number
74%
69 Not a Prime Number
73%
43 Prime Number
72%
47 Prime Number
71%
53 Prime Number
71%
67 Prime Number
69%
71 Prime Number
69%
59 Prime Number
68%
79 Prime Number
66%
61 Prime Number
65%
83 Prime Number
65%
93 Not a Prime Number
63%
73 Prime Number
63%
97 Prime Number
62%
57 Not a Prime Number
56%
89 Prime Number
55%
51 Not a Prime Number
54%
87 Not a Prime Number
48%
91 Not a Prime Number
45%
No matching quizzes found
Score Distribution
Percent of People with Each Score
Percentile by Number Answered
Your Score History
You have not taken this quiz